书目信息 |
| 题名: |
社区发展论
|
|
| 作者: | 徐永祥 著 | |
| 分册: | ||
| 出版信息: | 上海 华东化工学院出版社 2000 |
|
| 页数: | 299页 | |
| 开本: | 21cm | |
| 丛书名: | 社会工作与管理丛书 | |
| 单 册: | ||
| 中图分类: | C912.8 | |
| 科图分类: | ||
| 主题词: | 社会结构 , 社会关系 | |
| 电子资源: | ||
| ISBN: | 7-5628-1125-3 | |
| 000 | 00631nam0 2200229 45 | |
| 001 | 0402071519 | |
| 005 | 20040207160208.4 | |
| 010 | @a7-5628-1125-3@dCNY22.00 | |
| 100 | @a20040207d2000 km y0chiy0120 ea | |
| 101 | 0 | @achi |
| 105 | @a z 000yy | |
| 200 | 1 | @a社区发展论@AShe Qu Fa Zhan Lun@f徐永祥著@FXu Yong Xiang Zhu |
| 210 | @a上海@c华东化工学院出版社@d2000 | |
| 215 | @a299页@d21cm | |
| 225 | @a社会工作与管理丛书 | |
| 410 | @12001 @a社会工作与管理丛书 | |
| 606 | 0 | @a社会结构 |
| 606 | 0 | @a社会关系 |
| 690 | @aC912.8@v4 | |
| 701 | 0 | @a徐永祥@4著 |
| 801 | @aCN@bTSTCL@c20040207 | |
| 905 | @b334216-218@dC912.8@e320@f3 | |
| 社区发展论/徐永祥著.-上海:华东化工学院出版社,2000 |
| 299页;21cm.-(社会工作与管理丛书) |
| ISBN 7-5628-1125-3:CNY22.00 |
| ● |
| 相关链接 |
|
|
|
|
正题名:社区发展论
索取号:C912.8/320
 
预约/预借
| 序号 | 登录号 | 条形码 | 馆藏地/架位号 | 状态 | 备注 |
| 1 | 0334216 | 203342169 | 第一借阅区/ [索取号:C912.8/320] | 在馆 | |
| 2 | 0334217 | 203342178 | 第一借阅区/ [索取号:C912.8/320] | 在馆 | |
| 3 | 0334218 | 203342187 | 第一样本阅览室/ [索取号:C912.8/320] | 在馆 |